MANORAMA YEAR BOOK 2013 (Record no. 6728)

MARC details
000 -LEADER
fixed length control field 00233nam a2200109Ia 4500
008 - FIXED-LENGTH DATA ELEMENTS--GENERAL INFORMATION
fixed length control field 220612s9999 xx 000 0 und d
245 #0 - TITLE STATEMENT
Title MANORAMA YEAR BOOK 2013
260 ## - PUBLICATION, DISTRIBUTION, ETC.
Date of publication, distribution, etc. 2013
300 ## - PHYSICAL DESCRIPTION
Extent 1038
650 ## - SUBJECT ADDED ENTRY--TOPICAL TERM
Topical term or geographic name entry element Education
942 ## - ADDED ENTRY ELEMENTS (KOHA)
Koha item type Book
Holdings
Withdrawn status Lost status Damaged status Not for loan Collection code Home library Current library Shelving location Date acquired Cost, normal purchase price Total Checkouts Barcode Date last seen Price effective from Koha item type Public note
        Year Books Mewar University Central Library Mewar University Central Library Education 29/01/2013 1038.00   E4091 12/06/2022 29/01/2013 Reference Reference E R-1 S-3